| 000 | 01176nem a2200313 4500 | ||
|---|---|---|---|
| 001 | ebr10002695 | ||
| 003 | CaPaEBR | ||
| 006 | m u | ||
| 007 | cr cn||||||||| | ||
| 008 | 101210s1997 xx s a s 0 eng d | ||
| 034 | 0 | _aa | |
| 040 |
_aCaPaEBR _cCaPaEBR |
||
| 035 | _a(OCoLC)704410238 | ||
| 050 | 1 | 4 |
_aDS918 _b.K67 1997eb |
| 050 | 1 | 4 |
_aG7900 _b.K67 1997eb |
| 052 | _a7900 | ||
| 245 | 0 | 4 |
_aThe Korean War _h[electronic resource]. |
| 246 | 3 |
_iTitle from title screen: _aKorean War, 1950-1953 : _bNorth America, United States, China, North Korea, South Korea map |
|
| 255 | _aScale varies. | ||
| 260 |
_a[S.l.] : _bMagellan Geographix, _cc1997. |
||
| 300 | _a1 online resource (1 map) | ||
| 533 |
_aElectronic reproduction. _bPalo Alto, Calif. : _cebrary, _d2011. _nAvailable via World Wide Web. _nAccess may be limited to ebrary affiliated libraries. |
||
| 650 | 0 |
_aKorean War, 1950-1953 _vMaps. |
|
| 651 | 0 |
_aKorea _vMaps. |
|
| 655 | 7 |
_aElectronic books. _2local |
|
| 710 | 2 | _aMaps.com (Firm) | |
| 710 | 2 | _aebrary, Inc. | |
| 856 | 4 | 0 |
_uhttp://site.ebrary.com/lib/rucke/Doc?id=10002695 _zAn electronic book accessible through the World Wide Web; click to view |
| 999 |
_c3053 _d3053 |
||